|
|
|
|
| LEADER |
00000nam0a2200000 4500 |
| 001 |
69038 |
| 005 |
20231101212424.0 |
| 035 |
|
|
|a (RuTPU)RU\TPU\book\73526
|
| 090 |
|
|
|a 69038
|
| 100 |
|
|
|a 20041014d1965 m y0rusy50 ca
|
| 101 |
0 |
|
|a rus
|c eng
|
| 102 |
|
|
|a RU
|
| 105 |
|
|
|a a z 001zy
|
| 200 |
1 |
|
|a Элементы теории массового обслуживания и ее приложения
|e пер. с англ.
|f Т. Л. Саати
|
| 210 |
|
|
|a Москва
|c Советское радио
|d 1965
|
| 215 |
|
|
|a 510 с.
|c черт.
|
| 320 |
|
|
|a Библиогр.: с. 454-499
|
| 320 |
|
|
|a Предм. указ.: с. 500-505
|
| 451 |
|
1 |
|0 (RuTPU)RU\TPU\book\35310
|t Элементы теории массового обслуживания и ее приложения
|o пер. с англ.
|f Т. Л. Саати
|e 2-е изд.
|c М.
|n Советское радио
|d 1971
|p 520 с.
|a Саати, Томас Л.
|
| 606 |
|
|
|a Массового обслуживания теория
|2 stltpush
|3 (RuTPU)RU\TPU\subj\41145
|9 60962
|
| 610 |
1 |
|
|a массовое обслуживание
|
| 610 |
1 |
|
|a теория вероятностей
|
| 610 |
1 |
|
|a многофазное обслуживание
|
| 610 |
1 |
|
|a восстановление
|
| 675 |
|
|
|a 519.872
|v 3
|
| 700 |
|
1 |
|a Саати
|b Т. Л.
|g Томас
|
| 801 |
|
1 |
|a RU
|b 63413507
|c 20041014
|g PSBO
|
| 801 |
|
2 |
|a RU
|b 63413507
|c 20140609
|g PSBO
|
| 942 |
|
|
|c BK
|